| Поле | Инд. | ПП | Название | Значение |
|---|---|---|---|---|
| Тип записи | a | |||
| Библиографический уровень | b | |||
| 001 | Контрольный номер | RU/IS/BASE/262259591 | ||
| 005 | Дата корректировки | 20200630193247.1 | ||
| 084 | a | Индекс другой классификации/Индекс ББК | 60.561.5(2Рос); 60.542.15(2Рос)-4 | |
| 100 | 1_ | a | Автор | Климова С. В. |
| 245 | _0 | a | Заглавие | Идеалы и образцы любви в российском обществе |
| 504 | a | Библиография | Библиогр.: с. 294 - 295 | |
| 650 | a | Основная рубрика | социология | |
| a | Основная рубрика | социология групп | ||
| a | Основная рубрика | социология семьи | ||
| 653 | a | Ключевые слова | брак | |
| a | Ключевые слова | брачные отношения | ||
| a | Ключевые слова | гендерная социализация | ||
| a | Ключевые слова | гендерные отношения | ||
| a | Ключевые слова | гендерные стереотипы | ||
| a | Ключевые слова | девушки | ||
| a | Ключевые слова | любовь | ||
| a | Ключевые слова | молодежь | ||
| a | Ключевые слова | признаки любви | ||
| a | Ключевые слова | романтичность | ||
| a | Ключевые слова | российское общество | ||
| a | Ключевые слова | Россия | ||
| a | Ключевые слова | рыцарство | ||
| a | Ключевые слова | сексуальные отношения | ||
| a | Ключевые слова | семейные отношения | ||
| a | Ключевые слова | семья | ||
| a | Ключевые слова | социальная сексология | ||
| a | Ключевые слова | социокультурные изменения | ||
| a | Ключевые слова | социокультурные ценности | ||
| a | Ключевые слова | супружеские отношения | ||
| a | Ключевые слова | ценностные ориентации | ||
| a | Ключевые слова | чувства | ||
| a | Ключевые слова | эмоции | ||
| a | Ключевые слова | эротические представления | ||
| a | Ключевые слова | юноши | ||
| 773 | t | Заглавие источника | Социально-гуманитарные знания | |
| d | Дата издания источника | 2003 | ||
| g | Прочая информация | № 1. - С. 280 - 295 : табл. | ||
| w | Контрольный № источника | RU/IS/BASE/101491030 | ||
| 901 | t | Тип документа | b |